| 000 | 01452nam a2200337 c 4500 | ||
|---|---|---|---|
| 003 | BLK | ||
| 005 | 20180420213258.0 | ||
| 008 | 180412b bul|||||r ||||||| ||bul|| | ||
| 010 | _aKNG00001548000 | ||
| 020 |
_a954-07-0437-5 _bиздат.: Унив. изд. Св. Климент Охридски |
||
| 040 | _aBLK | ||
| 041 |
_aBUL _cBUL |
||
| 080 |
_aОсновни задачи на общественото управление _b351 _x:502.3(497.2)(094.9)(075.8) _z351:502.3(497.2)(094.9)(075.8) |
||
| 100 | 1 |
_aКостов, Димитър Илиев _eпърви автор _9243219 |
|
| 139 |
_aКостов, Димитър Илиев _bК 86 |
||
| 245 | 1 | 0 |
_aГорско и природозащитно право _bСб. нормативни актове : Уч. помагало за студентите от ВЛТИ _cДимитър Илиев Костов. |
| 257 | _aBGR | ||
| 260 |
_аСофия _bУнив. изд. Св. Климент Охридски _c1994 |
||
| 300 |
_a248 с. _c20 см |
||
| 380 | _a3 | ||
| 650 | 4 |
_aПрирода - България - защита _9243220 |
|
| 650 | 4 |
_aОколна среда - България - опазване _9243221 |
|
| 653 | _aприрода | ||
| 653 | _aоколна среда | ||
| 653 | _aнормативни документи | ||
| 852 | _aЦб 177970 | ||
| 856 | 4 |
_qpdf _u |
|
| 856 | 4 |
_qpdf _u |
|
| 942 |
_cKNG _n0 |
||
| 944 |
_aCR _c15.01.2003 _kВаля_Йорданова |
||
| 944 |
_aED _c17.02.2012 _k |
||
| 999 |
_c884 _d884 |
||